Statistiques concernant Racing club de Strasbourg - Tout les joueurs en ligue 1 depuis 2020

Cliquez ici pour prendre le quiz!

Statistiques générales

  • Ce quiz a été pris 127 fois
    (50 depuis la dernière actualisation)
  • Le résultat moyen est 33 sur 51

Statistiques - réponses

SaisonsNationalitéPosteNbr de matchNbr de butJoueur% Correct
2013-2023FranceMilieu/Défenseur924Dimitri Liénard
95%
2020-2022
2022-
FranceDéfenseur731Frédéric Guilbert
95%
2020-2023SénégalAttaquant9638Habib Diallo
95%
2005-2008
2021-
FranceAttaquant8022Kévin Gameiro
95%
2018-BelgiqueGardien920Matz Sels
95%
2018-2023FranceAttaquant8429Ludovic Ajorque
92%
2018-FranceMilieu1052Ibrahima Sissoko
90%
2016-2018
2020-
Côte d'IvoireMilieu806Jean-Eudes Aholou
90%
2021-FranceDéfenseur681Lucas Perrin
90%
2018-2022
2022-
Afrique du SudAttaquant306Lebo Mothiba
87%
2018-BosnieMilieu762Sanjin Prcic
87%
2019-2023GhanaDéfenseur902Alexander Djiku
85%
2022-UkraineDéfenseur160Eduard Sobol
85%
2018-2021SerbieDéfenseur332Stefan Mitrovic
82%
2021-FranceMilieu414Habib Diarra
79%
2023-FranceAttaquant120Dilane Bakwa
77%
2023-Pays-BasAttaquant102Emanuel Emegha
77%
2021-FranceDéfenseur671Gerzino Nyamsi
77%
2021-2023PologneDéfenseur180Karol Fila
77%
2020-2022
2023-
Côte d'IvoireAttaquant222Moise Sahi Dion
77%
2023-Côte d'IvoireDéfenseur60Abakar Sylla
74%
2018-2023FranceMilieu8213Adrien Thomasson
74%
2017-2021SénégalGardien80Bingourou Kamara
74%
2018-JaponGardien250Eiji Kawashima
74%
2021-FranceDéfenseur/Milieu401Ismael Doukouré
74%
2022-FranceDéfenseur280Thomas Delaine
74%
2023-BrésilAttaquant120Angelo Gabriel
72%
2023-FranceDéfenseur70Junior Mwanga
72%
2022-2023JaponMilieu31Yuito Suzuki
69%
2019-2023FranceMilieu1057Jean-Ricner Bellegarde
67%
2022-FranceDéfenseur130Marvin Senaya
64%
2023-FranceMilieu80Jessy Deminguet
62%
2017-2021FranceDéfenseur213Kenny Lala
56%
2014-2022FranceDéfenseur701Anthony Caci
54%
2017-2019
2020-2021
AlgérieAttaquant70Idriss Saadi
54%
2018-2021Côte d'ivoireDéfenseur151Lamine Koné
51%
2023-FranceAttaquant10Jérémy Sebas
49%
2022-2023FranceMilieu161Morgan Sanson
49%
2019-2022GhanaAttaquant293Majeed Waris
46%
2021-2023FranceDéfenseur361Maxime Le Marchand
46%
2021-2023MarocMilieu110Nordine Kandil
46%
2017-2021MaliAttaquant222Kévin Zohi
41%
2022-2023HaitiMilieu20Dany Jean
38%
2022-2023FranceDéfenseur190Colin Dagba
36%
2019-2021FranceDéfenseur191Mohamed Simakan
33%
2022-2023FranceDéfenseur130Ronael Pierre-Gabriel
31%
2018-2021FranceDéfenseur20Ismael Aaneba
26%
2018-2021FranceDéfenseur270Lionel Carole
26%
2020-2022FranceMilieu90Mahamé Siby
18%
2020-2022FranceAttaquant242Mehdi Chahiri
18%
2022-2023FranceDéfenseur10Franci Bouebari
8%

Distribution des résultats

Percentile par nombre de réponses

% des personnes avec chaque résultat

Votre développement - résultats

Vous n’avez pas pris ce quiz depuis la dernière actualisation